|
|
|
|
| LEADER |
01339nam a2200325 a 4500 |
| 001 |
16485 |
| 003 |
BD-DhAAL |
| 008 |
031208r20062003enk 000 0 eng d |
| 020 |
|
|
|a 0198607679 (pbk.)
|
| 020 |
|
|
|a 0195669266
|
| 020 |
|
|
|a 9780195669268
|
| 040 |
|
|
|a IeDuTC
|c IeDuTC
|d Uk
|d BD-DhAAL
|
| 082 |
0 |
0 |
|a 330.03
|2 22
|
| 100 |
1 |
|
|a Black, John,
|d 1931-
|9 57280
|
| 245 |
1 |
2 |
|a A dictionary of economics /
|c John Black.
|
| 246 |
1 |
4 |
|a Oxford dictionary of economics.
|
| 250 |
|
|
|a Indian edition.
|
| 250 |
|
|
|a Second edition, reissued with new covers and corrections.
|
| 260 |
|
|
|a Oxford ;
|a New Delhi :
|b Oxford University Press,
|c 2003
|g (2006 printing).
|
| 300 |
|
|
|a 507, [5] pages :
|b illustrations ;
|c 20 cm
|
| 490 |
0 |
|
|a Oxford paperback reference.
|
| 500 |
|
|
|a Cover title: Oxford dictionary of economics.
|
| 526 |
|
|
|x Vice-Chancellor, BRAC University
|
| 541 |
1 |
|
|e 16485
|a Zeenat Book Supply Limited
|
| 650 |
|
0 |
|a Economics
|v Dictionaries.
|
| 830 |
|
|
|a Oxford paperback reference.
|9 53325
|
| 852 |
4 |
|
|a Ayesha Abed Library
|c General Stacks
|
| 942 |
|
|
|2 ddc
|c BK
|
| 999 |
|
|
|c 5670
|d 5670
|
| 952 |
|
|
|0 0
|1 4
|2 ddc
|4 0
|6 330_030000000000000_BLA
|7 0
|9 5591
|a BRACUL
|b BRACUL
|d 2009-11-21
|e Zeenat Book Supply Limited
|g 392.00
|l 0
|o 330.03 BLA
|p 3010016485
|r 2009-11-21
|t 1
|w 2009-11-21
|y CR
|x Koha Inventory 2020 ; Requisitioned by Vice-Chancellor, BRAC University.
|